All NXT Champions - Statistics

General Stats
  • This quiz has been taken 1,025 times
    986 since last reset
  • The average score is 14 of 25
Answer Stats
Answer % Correct
Seth Rollins
95%
Kevin Owens
87%
Finn Balor
85%
Big E Langston
84%
Sami Zayn
84%
Samoa Joe
84%
Bo Dallas
79%
Adrian Neville
77%
Shinsuke Nakamura
77%
Bayley
75%
Charlotte
68%
Paige
67%
Sasha Banks
66%
Asuka
65%
The Revival
45%
The Revival
45%
#DIY (Johnny Gargano and Tommaso Ciampa)
42%
The Ascension
34%
American Alpha
31%
The Lucha Dragons
29%
The Wyatt Family
29%
Blake and Murphy
21%
Adrian Neville and Corey Graves
20%
The Vaudevillains
15%
British Ambition (Adrian Neville & Oliver Grey)
14%
No matching quizzes found
Score Distribution
Percent of People with Each Score
Percentile by Number Answered
Your Score History
You have not taken this quiz since the last reset